000
00484nam a2200169Ia 4500
008
090711s9999 xx 000 0 und d
082
_b
54914
100
_a
परदेशी दिलीप
245
_a
मन धुवा धार
260
_c
1986
300
_a
68
600
_a
परदेशी दिलीप
630
_a
मन धुवा धार
700
_a
परदेशी दिलीप
730
_a
मन धुवा धार
942
_c
BOOK
999
_c
307135
_d
307135